| 000 | 00586nam a2200205Ia 4500 | ||
|---|---|---|---|
| 003 | 0100 | ||
| 005 | 20170126120947.0 | ||
| 008 | 130303s9999 xx 000 0 und d | ||
| 040 | _cARRUPELIB | ||
| 050 | _aHQ1801.Z75A94 2008 | ||
| 100 |
_aYoshikuni, Tsuneo _927953 |
||
| 245 | _aElizabeth Musodzi and the birth of African Feminism in early colonial Zimbabwe | ||
| 260 | _aHarare | ||
| 260 | _bWeaver Press | ||
| 300 | _axii | ||
| 300 | _b 32p. 25cm. | ||
| 600 |
_aMusodzi, Elizabeth _928484 |
||
| 650 |
_bWomen's rights _xHistory _zZimbabwe _928485 |
||
| 942 |
_2lcc _04 _cMONOGRAPH |
||
| 999 |
_c67640 _d67640 |
||